| 000 | 00625cam a2200193 a 4500 | ||
|---|---|---|---|
| 001 | 000001659 | ||
| 005 | 20200929145643.0 | ||
| 008 | 750508s1967 sp 001 f spa | ||
| 040 |
_aDO-SdBNP _bspa _cBNPHU |
||
| 082 |
_a868.5 _bJ912c, 1967 |
||
| 100 | 0 |
_aJuan Manuel, _cInfante de Castilla _d1282-1347. _95406 |
|
| 245 | 1 | 3 |
_aEl Conde Lucanor / _cJuan Manuel ; versión española moderna de Enrique Moreno Báez. |
| 250 | _a4a ed. | ||
| 260 |
_aMadrid : _bCastalia, _c1967. |
||
| 300 |
_a208 p. ; _c20 cm. |
||
| 440 | 0 |
_aOdres nuevos _95407 |
|
| 650 | 4 |
_aLiteratura española _9632 |
|
| 700 | 1 |
_aMoreno Báez, Enrique, _eed. _95408 |
|
| 999 |
_c1544 _d1544 |
||